Guess the 25 Greek Logos #1 - Statistics

General Stats
  • This quiz has been taken 5 times
  • The average score is 9 of 25
Answer Stats
Picture Answer % Correct
Q
100%
Village
100%
Εβγα
80%
Tsakiris
80%
Minoan Lines
60%
Ανεκ
40%
Γαλαξίας
40%
Aegean
40%
Karamolegos
40%
Terkenlis
40%
Πουκαμισάς
20%
Α-Β Βασιλόπουλος
20%
Μύλοι Αγίου Γεωργίου
20%
Ελληνική Δημόσια Τηλεόραση
20%
Στέλλα
20%
Θέατρο Τέχνης
20%
Ήπειρος
20%
ΚΕΠ
20%
Αύρα
20%
Έθνος
20%
Το Πρώτο Θέμα
20%
Νικάς
20%
Getitnow.gr
20%
Kanaki
20%
You.gr
20%
No matching quizzes found
Score Distribution
Percent of People with Each Score
Percentile by Number Answered
Your Score History
You have not taken this quiz